Normal view MARC view

Entry Personal Name

Number of records used in: 1

001 - CONTROL NUMBER

  • control field: 1187195

003 - CONTROL NUMBER IDENTIFIER

  • control field: OSt

005 - DATE AND TIME OF LATEST TRANSACTION

  • control field: 20260324131900.0

008 - FIXED-LENGTH DATA ELEMENTS

  • fixed length control field: 260324|| aca||aabn | a|a d

040 ## - CATALOGING SOURCE

  • Original cataloging agency: OSt
  • Transcribing agency: OSt

100 ## - HEADING--PERSONAL NAME

  • Personal name: P. Roca; Claudio Modena; P.B. Lourenço

670 ## - SOURCE DATA FOUND

  • Source citation: Work cat.: (OSt)1784758: P. Roca; Claudio Modena; P.B. Lourenço, Structural Analysis of Historical Constructions - 2 Volume Set
Copyright @ Delhi University Library System